Kompromisy Zákonníka práce

Novelizovaný kódex - polemické paragrafy. Prehľad najdôležitejších zmien (280 zmien) v novele Zákonníka práce.

Na minha lista:
Detalhes bibliográficos
Autor principal: Ragáčová, Katarína
Formato: Capítulo de Livro
Idioma:eslovaco
Assuntos:
Tags: Adicionar Tag
Sem tags, seja o primeiro a adicionar uma tag!

MARC

LEADER 00000naa a2200000 4500
001 r049296
005 20230920090634.8
041 0 |a slo 
044 |a SK 
245 1 0 |a Kompromisy Zákonníka práce  |c Katarína Ragáčová 
520 |a Novelizovaný kódex - polemické paragrafy. Prehľad najdôležitejších zmien (280 zmien) v novele Zákonníka práce. 
610 2 0 |a zákonník práce 
610 2 0 |a novelizácia 
610 2 0 |a úpravy právne 
610 2 0 |a zamestnanci 
610 2 0 |a zamestnanie 
610 2 0 |a zamestnanosť 
610 2 0 |a zamestnávatelia 
610 2 0 |a odbory 
610 2 0 |a Slovensko 
100 1 |a Ragáčová, Katarína